000 00301nam a22001337a 4500
008 170609b xxu||||| |||| 00| 0 eng d
020 _a2900618988562
041 _aeng
080 _23RD
_a32
100 _a19
101 _aSHP
245 _aTHE NEW HUMANITIES READER
_cSPELLMEYER,K
942 _2udc
_cBK
999 _c16680
_d16680